Green infrastructure in urban areas (Record no. 112478)

MARC details
000 -LEADER
fixed length control field 01001cad a22002175a 4500
001 - CONTROL NUMBER
control field L153343
008 - FIXED-LENGTH DATA ELEMENTS--GENERAL INFORMATION
fixed length control field 110712s2011 xxk 000 0 eng d
020 ## - INTERNATIONAL STANDARD BOOK NUMBER
International Standard Book Number 9781842196786
035 ## - SYSTEM CONTROL NUMBER
System control number (Sirsi) u153343
041 0# - LANGUAGE CODE
Language code of text/sound track or separate title eng
050 04 - LIBRARY OF CONGRESS CALL NUMBER
Classification number 711.58 $2 20
110 2# - MAIN ENTRY--CORPORATE NAME
Corporate name or jurisdiction name as entry element Royal Institution of Chartered Surveyors
9 (RLIN) 4900
245 00 - TITLE STATEMENT
Title Green infrastructure in urban areas
Remainder of title RICS information paper
260 ## - PUBLICATION, DISTRIBUTION, ETC.
Place of publication, distribution, etc. Coventry
Name of publisher, distributor, etc. RICS
Date of publication, distribution, etc. 2011
490 ## - SERIES STATEMENT
Series statement RICS Information Paper
520 ## - SUMMARY, ETC.
Summary, etc. This information provides RICS members with background information on the issues surrounding the delivery and promotion of green infrastructure. It provdes an overview of what green infrastructre is, the functions it can support, and refers to the various scales accross which it can be provided. The paper also provides general information on the impacts associated with green infrastructre.
590 ## - LOCAL NOTE (RLIN)
Local note KA NTK
651 #4 - SUBJECT ADDED ENTRY--GEOGRAPHIC NAME
Geographic name United Kingdom
690 ## - LOCAL SUBJECT ADDED ENTRY--TOPICAL TERM (OCLC, RLIN)
Topical term or geographic name as entry element BUILT ENVIRONMENT-SUSTAINABLE CONSTRUCTION
942 ## - ADDED ENTRY ELEMENTS (KOHA)
Suppress in OPAC 0
Source of classification or shelving scheme Dewey Decimal Classification
Holdings
Withdrawn status Lost status Damaged status Not for loan Home library Current library Shelving location Date acquired Total Checkouts Full call number Barcode Date last seen Copy number Price effective from Koha item type
        Archives Archives RICS Boxes 13/07/2011   RICS 2011/34 30075819 13/08/2025 1 06/08/2019 Archive
  Missing from bundle     London London RICS Boxes 13/07/2011   RICS 2011/34 30075827 06/08/2019 2 06/08/2019 Book
  Missing from bundle     London London RICS Boxes 13/07/2011   RICS 2011/34 30075823 06/08/2019 3 06/08/2019 Book